000 00360nam a2200145Ia 4500
008 231129s2008||||xx |||||||||||||| ||spa||
020 _a978-84-7074-186-9
040 _bspa
082 _a861.6 F372a
100 _aFerrandiz Calvo Carlos
245 0 _aAmor de poeta
260 _c2008
264 _aFragua
942 _2ddc
_cBKS
999 _c4972
_d4972